000 00478nam a22001817a 4500
003 OSt
005 20251121133053.0
008 251121b |||||||| |||| 00| 0 eng d
020 _a0-380-71397-7.
040 _aDWCL-Main lib
_cOC
082 _aFic. F392c 1993
100 _aFerrigno, Robert
245 _aThe Chesire Moon
_cFerrigno, Robert
260 _aN. Y. :
_bAvon Books,
_cc1993.
300 _a320 pages ;
_c17 cm.
650 _21. Fiction.
942 _2ddc
_cFIC.
_kFic.
_n0
999 _c5995
_d5995